Sociedades hospitalarias. Costa Rica y la acogida de inmigrantes /

Wedi'i Gadw mewn:
Manylion Llyfryddiaeth
Prif Awdur: Jiménez Matarrita, Alexander
Awduron Eraill: ed.
Fformat: Texto
Cyhoeddwyd: San José: Arlekin
Pynciau:
Tagiau: Ychwanegu Tag
Dim Tagiau, Byddwch y cyntaf i dagio'r cofnod hwn!

MARC

LEADER 00000 a a2200000 04500
001 31579
003
040
020 |a 9968-834-60-45  
090 |a 199003  
100 |a Jiménez Matarrita, Alexander  
245 |a Sociedades hospitalarias. Costa Rica y la acogida de inmigrantes /  |c Alexander Jiménez Matarrita 
260 |a San José:   |b Arlekin  
300 |a 152 p  
650 |a PLURALISMO CULTURAL  
650 |a IDENTIDAD CULTURAL  
650 |a INMIGRACION  
700 |a ed.  
999 |c 14684  |d 14684